<?xml version="1.0" encoding="UTF-8"?>
<record
    xmlns:xsi="http://www.w3.org/2001/XMLSchema-instance"
    xsi:schemaLocation="http://www.loc.gov/MARC21/slim http://www.loc.gov/standards/marcxml/schema/MARC21slim.xsd"
    xmlns="http://www.loc.gov/MARC21/slim">

  <leader>02690nam a22004217ua4500</leader>
  <controlfield tag="001">1858</controlfield>
  <controlfield tag="003">gttocutb</controlfield>
  <controlfield tag="005">20250916172544.0</controlfield>
  <controlfield tag="007">ta</controlfield>
  <controlfield tag="008">250916e2012    gt ||||| |||| 001 0 spa d</controlfield>
  <datafield tag="020" ind1="1" ind2=" ">
    <subfield code="a">9789929552524</subfield>
  </datafield>
  <datafield tag="040" ind1="1" ind2=" ">
    <subfield code="a">gttocutb</subfield>
    <subfield code="b">spa</subfield>
    <subfield code="c">gttocutb</subfield>
    <subfield code="d">gttocutb</subfield>
    <subfield code="e">rda</subfield>
  </datafield>
  <datafield tag="082" ind1="0" ind2="4">
    <subfield code="a">345.05 F475:14c</subfield>
  </datafield>
  <datafield tag="100" ind1="1" ind2=" ">
    <subfield code="a">Figueroa Sarti, Ra&#xFA;l, </subfield>
    <subfield code="e">autor.</subfield>
  </datafield>
  <datafield tag="245" ind1="1" ind2=" ">
    <subfield code="a">C&#xF3;digo procesal penal: Concordado y anotado con la jurisprudencia constitucional </subfield>
    <subfield code="b">Incluye exposici&#xF3;n de motivos por C&#xE9;sar Barrientos Pellecer.</subfield>
    <subfield code="c">Ra&#xFA;l Figueroa Sarti.</subfield>
  </datafield>
  <datafield tag="250" ind1="1" ind2=" ">
    <subfield code="a">14a.</subfield>
  </datafield>
  <datafield tag="264" ind1="1" ind2=" ">
    <subfield code="a">Guatemala:</subfield>
    <subfield code="b">F&amp;G editores,</subfield>
    <subfield code="c">2012.</subfield>
  </datafield>
  <datafield tag="264" ind1="1" ind2=" ">
    <subfield code="c">&#xA9; 2012.</subfield>
  </datafield>
  <datafield tag="300" ind1="1" ind2=" ">
    <subfield code="a">382 p&#xE1;ginas ,</subfield>
    <subfield code="c">26 cm.</subfield>
  </datafield>
  <datafield tag="336" ind1="1" ind2=" ">
    <subfield code="2">rdacontenido</subfield>
    <subfield code="a">texto</subfield>
    <subfield code="b">txt</subfield>
  </datafield>
  <datafield tag="337" ind1="1" ind2=" ">
    <subfield code="2">rdamedio</subfield>
    <subfield code="a">sin mediaci&#xF3;n</subfield>
    <subfield code="b">n</subfield>
  </datafield>
  <datafield tag="338" ind1="1" ind2=" ">
    <subfield code="2">rdasoporte</subfield>
    <subfield code="a">volumen</subfield>
    <subfield code="b">nc</subfield>
  </datafield>
  <datafield tag="505" ind1="0" ind2=" ">
    <subfield code="g">Contenido:</subfield>
  </datafield>
  <datafield tag="505" ind1="0" ind2=" ">
    <subfield code="g">1:  Marco general --</subfield>
  </datafield>
  <datafield tag="505" ind1="0" ind2=" ">
    <subfield code="r">2. Estructura del C&#xF3;digo --</subfield>
  </datafield>
  <datafield tag="505" ind1="0" ind2=" ">
    <subfield code="g">3. Libro primero: Disposiciones generales --</subfield>
  </datafield>
  <datafield tag="505" ind1="0" ind2=" ">
    <subfield code="g">4. Libro segundo: procedimiento com&#xFA;n --</subfield>
  </datafield>
  <datafield tag="505" ind1="0" ind2=" ">
    <subfield code="g">5. Libro tercero: impugnaciones --</subfield>
  </datafield>
  <datafield tag="505" ind1="0" ind2=" ">
    <subfield code="g">6. Libro cuarto: procedimientos especifico --</subfield>
  </datafield>
  <datafield tag="505" ind1="0" ind2=" ">
    <subfield code="g">7. Libro quinto: ejecuci&#xF3;n penal--</subfield>
  </datafield>
  <datafield tag="505" ind1="0" ind2=" ">
    <subfield code="g">8. Libro sexto: costas e impugnaciones --</subfield>
  </datafield>
  <datafield tag="505" ind1="0" ind2=" ">
    <subfield code="g">9. Disposiciones finales --</subfield>
  </datafield>
  <datafield tag="505" ind1="0" ind2=" ">
    <subfield code="g">10. Decreto n&#xFA;mero 51-92</subfield>
  </datafield>
  <datafield tag="520" ind1="0" ind2=" ">
    <subfield code="a">De contraportada: esta edici&#xF3;n del C&#xF3;digo Procesal Penal incluye el Decreto 51-92 actualizado con todas las reformas aprobadas por el Congreso de la Rep&#xFA;blica de Guatemala. Las derogatorias, enmiendas, adiciones y sustituciones derivadas de dichas reformas est&#xE1;n incorporadas en el articulado. Adem&#xE1;s, esta edici&#xF3;n incluye las concordancias del C&#xF3;digo con las principales leyes relacionadas, entre ellas el C&#xF3;digo Penal, la Constituci&#xF3;n Pol&#xED;tica, la Ley del Organismo Judicial, etc. y est&#xE1; anotada con las resoluciones de la Corte de Constitucionalidad. Contiene referencias internas, un &#xED;ndice tem&#xE1;tico de referencia a los conceptos principales &#x2014;aproximadamente 500 entradas primarias y secundarias&#x2014;, que facilita la r&#xE1;pida localizaci&#xF3;n de los temas de inter&#xE9;s del lector.

La Exposici&#xF3;n de Motivos elaborada por el Lic. C&#xE9;sar Barrientos Pellecer contribuye al conocimiento de &#x201C;la interpretaci&#xF3;n aut&#xE9;ntica del legislador extra&#xED;da del seguimiento de la iniciativa de ley, las discusiones y argumentos que originaron dicho c&#xF3;digo y la explicaci&#xF3;n del esp&#xED;ritu que anim&#xF3; la ley.&#x201D;</subfield>
  </datafield>
  <datafield tag="521" ind1="0" ind2=" ">
    <subfield code="a">Recomendado para docentes y estudiantes de Derecho.</subfield>
  </datafield>
  <datafield tag="650" ind1="1" ind2="4">
    <subfield code="2">LEMB</subfield>
    <subfield code="a">Derecho. Procesal penal. Sujetos procesales. Persecuci&#xF3;n penal. C&#xF3;digo procesal penal guatemalteco.</subfield>
  </datafield>
  <datafield tag="942" ind1=" " ind2=" ">
    <subfield code="2">ddc</subfield>
    <subfield code="c">BK</subfield>
    <subfield code="n">0</subfield>
    <subfield code="e">14a. </subfield>
  </datafield>
  <datafield tag="999" ind1=" " ind2=" ">
    <subfield code="c">1858</subfield>
    <subfield code="d">1858</subfield>
  </datafield>
  <datafield tag="952" ind1=" " ind2=" ">
    <subfield code="0">0</subfield>
    <subfield code="1">0</subfield>
    <subfield code="2">ddc</subfield>
    <subfield code="4">0</subfield>
    <subfield code="7">0</subfield>
    <subfield code="8">gn</subfield>
    <subfield code="a">BICUNTOTO</subfield>
    <subfield code="b">BICUNTOTO</subfield>
    <subfield code="d">2012-10-24</subfield>
    <subfield code="e">Compra directa</subfield>
    <subfield code="i">53-H-905-2012</subfield>
    <subfield code="l">0</subfield>
    <subfield code="o">345.05 F475:14c</subfield>
    <subfield code="p">5308902201261</subfield>
    <subfield code="r">2025-09-16 17:37:28</subfield>
    <subfield code="w">2025-09-16</subfield>
    <subfield code="y">BK</subfield>
  </datafield>
</record>
